| 000 | 00613cab a2200229 4500 | ||
|---|---|---|---|
| 001 | WB3142-51 | ||
| 008 | 090401t1995 xxu||||| |||| 00| 0 eng d | ||
| 035 | _a(Sirsi) u22281 | ||
| 041 | _aeng | ||
| 245 | _aCrofters at the crossroads | ||
| 260 | _c1995 | ||
| 350 | _a0 | ||
| 490 |
_aScotsman _v9 November 1995, 16 |
||
| 490 |
_aHerald _v11 November 1995, 3(2) |
||
| 520 | _aLooks at crofts in Scotland which are being offered up for community purchase. | ||
| 650 | _aCOMMUNITY OWNERSHIP | ||
| 650 | _aCROFTING | ||
| 650 | _aSCOTLAND | ||
| 690 | _aRURAL PRACTICE | ||
| 942 | _n0 | ||
| 948 | _c04/03/1997 | ||
| 999 |
_c14925 _d14925 |
||